ARRUPE JESUIT UNIVERSITY

CORONAVIRUS -STOP THE SPREAD - CLEAN,DISINFECT,COVER

Towards colonial freedom : (Record no. 64772)

MARC details
000 -LEADER
fixed length control field 01063nam a2200313 a 4500
001 - CONTROL NUMBER
control field 3389499
003 - CONTROL NUMBER IDENTIFIER
control field ARRUPE
005 - DATE AND TIME OF LATEST TRANSACTION
control field 20170531122412.0
008 - FIXED-LENGTH DATA ELEMENTS--GENERAL INFORMATION
fixed length control field 880708r19731962enk 000 0 eng d
010 ## - LIBRARY OF CONGRESS CONTROL NUMBER
LC control number 88158866
015 ## - NATIONAL BIBLIOGRAPHY NUMBER
National bibliography number GB83-24732
020 ## - INTERNATIONAL STANDARD BOOK NUMBER
International Standard Book Number 0901787205
035 ## - SYSTEM CONTROL NUMBER
System control number (OCoLC)16606474
040 ## - CATALOGING SOURCE
Original cataloging agency Uk
Transcribing agency DLC
Modifying agency DLC
042 ## - AUTHENTICATION CODE
Authentication code lccopycat
043 ## - GEOGRAPHIC AREA CODE
Geographic area code f------
050 04 - LIBRARY OF CONGRESS CALL NUMBER
Classification number DT29
Item number .N57 1973
082 04 - DEWEY DECIMAL CLASSIFICATION NUMBER
Classification number 325.6
Edition number 19
300 ## - PHYSICAL DESCRIPTION
Dimensions 19 cm.
100 1# - MAIN ENTRY--PERSONAL NAME
Personal name Nkrumah, Kwame,
Dates associated with a name 1909-1972.
9 (RLIN) 31759
245 10 - TITLE STATEMENT
Title Towards colonial freedom :
Remainder of title Africa in the struggle against world imperialism /
Statement of responsibility, etc by Kwame Nkrumah.
260 ## - PUBLICATION, DISTRIBUTION, ETC. (IMPRINT)
Place of publication, distribution, etc London :
Name of publisher, distributor, etc Panaf,
Date of publication, distribution, etc 1973
Date of manufacture (1979 printing)
300 ## - PHYSICAL DESCRIPTION
Extent xviii, 45 p. ;
500 ## - GENERAL NOTE
General note Originally published: 1962.
651 #0 - SUBJECT ADDED ENTRY--GEOGRAPHIC NAME
Geographic name Africa
General subdivision Politics and government
Chronological subdivision To 1945.
9 (RLIN) 31760
651 #0 - SUBJECT ADDED ENTRY--GEOGRAPHIC NAME
Geographic name Africa
General subdivision Politics and government
Chronological subdivision 1945-1960.
9 (RLIN) 31761
906 ## - LOCAL DATA ELEMENT F, LDF (RLIN)
a 7
b cbc
c copycat
d 3
e ncip
f 19
g y-gencatlg
942 ## - ADDED ENTRY ELEMENTS (KOHA)
Source of classification or shelving scheme Library of Congress Classification
Koha item type Monograph ( Printed materials)
Holdings
Withdrawn status Lost status Source of classification or shelving scheme Damaged status Not for loan Collection code Home library Current library Shelving location Date acquired Total Checkouts Full call number Barcode Date last seen Date checked out Copy number Price effective from Koha item type
    Library of Congress Classification     Main Collection ARRUPE LIBRARY ARRUPE LIBRARY   05/03/2013 2 DT29.N57 1962 46003033685 02/05/2023 13/02/2023 1 05/03/2013 Monograph ( Printed materials)

 

Arrupe Library. PO Box MP320 Mt Pleasant, Harare, Zimbabwe
263 242 745411|librarian@aju.ac.zw